=LDR 00000nam 2200000 4500 =001 INLIS000000001052471 =005 20240902104441 =035 ##$$a 0010-0924000010 =245 1#$$a Concepts in biochemistry /$c Francis J. Reithel =100 #$$a Francis J. Reithel =300 ##$$a ix, 414 hlm. ; $c 24 x 17 cm. =260 ##$$a Amerika :$b McGraw-Hill,$c 1967 =082 ##$$a 574.192 =084 ##$$a 574.192 FRA c =600 #4$$a KIMIA =008 240902################g##########0#ind## =990 ##$$a 1197200001 =990 ##$$a 1197200001